Odpowiedź zaczyna się na literę M - Papież Cup - Statystyki

Ogólne statystyki
  • Ten quiz został rozwiązany 7 razy
  • Średni wynik to 11 z 16
Statystyki odpowiedzi
Hint Odpowiedź % Poprawnych
Założyciel turnieju off_pc Mar
100%
Kanał, na którym odbywały się zawody w klikaniu przez 12, a nawet 24 godziny Maraton
100%
Moderator, pierwszy zdobywca legendy oraz fan Legii Warszawa i Realu Madryt Matius
100%
Gra, w której Naruku założył serwer Minecraft
100%
Impreza odbywająca się co dwa lata w lata nieparzyste, zaliczana do legendy Mistrzostwa Świata
100%
Impreza odbywająca się wyłącznie dla zawodników z niższej ligi bądź też nowoprzybyłych Mistrzostwa Świata Juniorów
100%
Impreza odbywająca się co dwa lata w lata parzyste, zaliczana do legendy Mistrzostwa Świata w Lotach
100%
Najlepsza kadra dekady 2080-2089, w której byli m.in. Powerr i Kolegga Mołdawia
100%
Kanał, na którym pojawiają się linki do nowych filmów na Instagramie, TikToku i Youtube Media
80%
Mistrz olimpijski z 2036, obecnie reprezentujący Benin i wcześniej był znany jako Bebok i Kaiser Mehmo
80%
Zawodnik posiadający status niepokonanego w PC MMA Mumin
60%
Zwycięzca Papież Cupa w sezonie 2048 Masterson
40%
Dołączył w tym samym dniu co Janszy, reprezentował dziewięć nacji i jego jedynym osiągnięciem jest zwycięstwo w K3 w sezonie 2070 Misiek7
40%
Drugi nick Niksonki Masnanix
20%
Miejscowość, z której pochodzi Rysia Myszków
20%
Niegdyś regularnie udzielający się na PC, mistrz olimpijski z 2052 Michcio
0%
Nie znaleziono quizów pasujących do podanych kryteriów
Rozkład punktacji
Procent ludzi z każdym wynikiem
Percentyl według liczby udzielonych odpowiedzi
Twoja historia wyników
Nie rozwiązałeś tego quizu